[Event "III Weekend Hotel Corallo A"]
[Site "Imperia ITA"]
[Date "2008.11.23"]
[Round "5"]
[White "Federico, Giancarlo"]
[Black "Bajada, Giacomo"]
[Result "1-0"]
[WhiteElo "1762"]
[BlackElo "1543"]
[PlyCount "109"]
[EventDate "2008.11.21"]

1. d4 d5 2. Nf3 Nf6 3. c4 e6 4. e3 Be7 5. Nc3 c6 6. Bd3 h6 7. O-O O-O 8. Qe2
dxc4 9. Bxc4 b5 10. Bb3 a5 11. Rd1 a4 12. Bc2 Ba6 13. Qe1 Qc7 14. e4 Bb4 15. a3
Bxc3 16. Qxc3 Bb7 17. Be3 Na6 18. Nd2 Rac8 19. Rac1 Ng4 20. e5 f5 21. h3 Nxe3
22. Qxe3 Qf7 23. b4 Nc7 24. f4 Nd5 25. Qf2 Qh5 26. Nb1 g5 27. fxg5 hxg5 28. Rd2
Rc7 29. Bd1 Qg6 30. Nc3 Nf4 31. Ne2 Rg7 32. Nxf4 gxf4 33. Bf3 Rc8 34. Rdc2 Rgc7
35. Be2 Qg3 36. Qxg3+ fxg3 37. Bxb5 f4 38. Bxa4 f3 39. gxf3 Rf8 40. Rc3 c5 41.
Bd1 Rf4 42. dxc5 Rh7 43. Rc4 Rxc4 44. Rxc4 Rxh3 45. b5 Bd5 46. Rc3 g2 47. Kxg2
Rh7 48. c6 Rc7 49. Bb3 Kf7 50. Bxd5 exd5 51. Rd3 Ke6 52. f4 Kf5 53. Kf3 Ke6 54.
Rc3 Rh7 55. Ke2 1-0

[Event "III Weekend Hotel Corallo A"]
[Site "Imperia ITA"]
[Date "2008.11.23"]
[Round "5"]
[White "Gallitto, Salvatore"]
[Black "Badano, Fabio"]
[Result "1-0"]
[WhiteElo "1960"]
[BlackElo "1811"]
[PlyCount "87"]
[EventDate "2008.11.21"]

1. d4 Nf6 2. e3 e6 3. f4 d5 4. Bd3 c5 5. c3 Be7 6. Nf3 Bd7 7. Nbd2 Nc6 8. Ne5
Rb8 9. Qe2 a6 10. a4 c4 11. Bc2 Na5 12. O-O O-O 13. g4 h6 14. h4 Ne4 15. g5
hxg5 16. Nxe4 dxe4 17. hxg5 g6 18. Qh2 Bxg5 19. fxg5 Qxg5+ 20. Qg2 Qxg2+ 21.
Kxg2 Be8 22. Bxe4 Nb3 23. Ra3 f5 24. Bc2 Nxc1 25. Rxc1 b5 26. axb5 axb5 27. b4
Kg7 28. Ra7+ Kf6 29. Rh1 Rd8 30. Bd1 Rd5 31. Bf3 Rxe5 32. dxe5+ Kxe5 33. Ra8 g5
34. Kf2 g4 35. Bb7 f4 36. exf4+ Rxf4+ 37. Kg3 Bg6 38. Re1+ Be4 39. Rd8 Rf3+ 40.
Kxg4 Rf4+ 41. Kg5 Rf5+ 42. Kh6 Rf6+ 43. Kg7 Rg6+ 44. Kf7 1-0

[Event "III Weekend Hotel Corallo A"]
[Site "Imperia ITA"]
[Date "2008.11.23"]
[Round "5"]
[White "Labarthe, Arnaud"]
[Black "Mela, Riccardo"]
[Result "1-0"]
[WhiteElo "1872"]
[BlackElo "2038"]
[PlyCount "63"]
[EventDate "2008.11.21"]

1. d4 Nf6 2. c4 e6 3. Bg5 Be7 4. Nc3 d5 5. e3 O-O 6. Nf3 Nbd7 7. Qc2 b6 8. cxd5
exd5 9. Bd3 h6 10. Bf4 Bb7 11. Nb5 c5 12. Nd6 Bxd6 13. Bxd6 Re8 14. O-O Rc8 15.
Qb1 Ne4 16. Bxe4 dxe4 17. Nd2 Nf6 18. Be5 Ba6 19. Re1 Ng4 20. Bg3 cxd4 21. Nxe4
dxe3 22. f3 Bd3 23. Qd1 Qd4 24. Kh1 Rc2 25. Nd6 Nf2+ 26. Bxf2 exf2 27. Rxe8+
Kh7 28. Nf5 Qxb2 29. Ng3 Bb5 30. Re3 f1=Q+ 31. Nxf1 Rxg2 32. Qb1+ 1-0

[Event "III Weekend Hotel Corallo A"]
[Site "Imperia ITA"]
[Date "2008.11.23"]
[Round "5"]
[White "Lo Dico, Angela"]
[Black "Nanni, Sergio"]
[Result "1-0"]
[WhiteElo "1710"]
[BlackElo "1747"]
[PlyCount "41"]
[EventDate "2008.11.21"]

1. f4 e5 2. fxe5 Nc6 3. Nf3 d6 4. e4 Nxe5 5. d4 Nxf3+ 6. Qxf3 Nf6 7. Bd3 g6 8.
O-O Bg7 9. Bg5 Bg4 10. Qf4 Bf5 11. Bxf6 Bxf6 12. exf5 Qe7 13. Nd2 O-O-O 14.
Rae1 Qf8 15. fxg6 Bg7 16. gxf7 Bh6 17. Qg4+ Kb8 18. Ne4 Bg7 19. c3 h5 20. Qh4
Bh6 21. Ng5 1-0

[Event "III Weekend Hotel Corallo A"]
[Site "Imperia ITA"]
[Date "2008.11.23"]
[Round "5"]
[White "Melling, Jonathon"]
[Black "Stefanetti, Marco"]
[Result "1/2-1/2"]
[WhiteElo "1850"]
[BlackElo "2090"]
[PlyCount "83"]
[EventDate "2008.11.21"]

1. d4 d5 2. Nf3 Nf6 3. b3 Bg4 4. Nbd2 e6 5. Bb2 Bd6 6. e3 Nbd7 7. Be2 c6 8. Ne5
Bxe2 9. Qxe2 O-O 10. O-O Qc7 11. Nxd7 Nxd7 12. Nf3 f5 13. c4 Qd8 14. cxd5 cxd5
15. Ne5 a6 16. f4 Nf6 17. Nf3 Rc8 18. Rac1 Qd7 19. Rfd1 Ne4 20. Nd2 Nf6 21. Nf3
Rxc1 22. Rxc1 Rc8 23. Qd1 Rc6 24. h3 h6 25. Rc2 Qc8 26. Rxc6 Qxc6 27. Qc1 Qxc1+
28. Bxc1 Ne4 29. Bb2 g5 30. Ne5 Bxe5 31. dxe5 gxf4 32. exf4 h5 33. Kh2 Kf7 34.
g3 Ke8 35. Kg2 Kd7 36. Kf3 b5 37. Bd4 a5 38. g4 fxg4+ 39. hxg4 hxg4+ 40. Kxg4
a4 41. bxa4 bxa4 42. f5 1/2-1/2

[Event "III Weekend Hotel Corallo A"]
[Site "Imperia ITA"]
[Date "2008.11.23"]
[Round "5"]
[White "Mercandelli, Claudio"]
[Black "Rossi Cassani, Gianni"]
[Result "1/2-1/2"]
[WhiteElo "1937"]
[BlackElo "1825"]
[PlyCount "82"]
[EventDate "2008.11.21"]

1. d4 g6 2. Nf3 Bg7 3. c4 d6 4. Nc3 a6 5. g3 b6 6. Bg2 Bb7 7. O-O Nd7 8. e4 e6
9. Be3 Ne7 10. Ne1 e5 11. d5 h6 12. Nd3 O-O 13. Qd2 Kh7 14. b4 f5 15. f3 g5 16.
c5 f4 17. Bf2 Bc8 18. cxd6 cxd6 19. Bh3 fxg3 20. Bxg3 Nf6 21. Bxc8 Rxc8 22.
Rac1 Qd7 23. Ne2 Ng6 24. Rxc8 Rxc8 25. Rc1 Nh5 26. Rxc8 Qxc8 27. Qc3 Ne7 28.
Qxc8 Nxc8 29. Bf2 b5 30. Ndc1 Bf6 31. Nb3 Bd8 32. Kg2 Nf4+ 33. Nxf4 gxf4 34.
Kh3 h5 35. Na5 Bxa5 36. bxa5 Kg6 37. Bb6 Kf6 38. Kh4 Kg6 39. a3 Ne7 40. Bc7 Nc8
41. Bd8 Na7 1/2-1/2

[Event "III Weekend Hotel Corallo A"]
[Site "Imperia ITA"]
[Date "2008.11.23"]
[Round "5"]
[White "Mongelli, Ferdinando"]
[Black "Roversi, Stefano"]
[Result "1/2-1/2"]
[WhiteElo "1686"]
[BlackElo "1839"]
[PlyCount "63"]
[EventDate "2008.11.21"]

1. e4 c5 2. Bc4 e6 3. Nf3 a6 4. O-O b5 5. Be2 Bb7 6. d3 Nf6 7. b3 Be7 8. Bb2
O-O 9. Qd2 d5 10. e5 Nfd7 11. Nc3 Nc6 12. Qf4 Qc7 13. Rad1 Ncxe5 14. Nxe5 Qxe5
15. Qxe5 Nxe5 16. Nxd5 exd5 17. Bxe5 Rfe8 18. Bf3 Bf8 19. Bb2 Re7 20. Ba3 b4
21. Bc1 d4 22. Bxb7 Rxb7 23. Rfe1 a5 24. Re2 a4 25. Rde1 axb3 26. axb3 Ra2 27.
Bf4 Rba7 28. g4 Ra1 29. Rxa1 Rxa1+ 30. Kg2 h6 31. Re8 Ra6 32. h4 1/2-1/2

[Event "III Weekend Hotel Corallo A"]
[Site "Imperia ITA"]
[Date "2008.11.23"]
[Round "5"]
[White "Moschetto, Giuliano"]
[Black "Ruggeri, Claudio"]
[Result "0-1"]
[WhiteElo "1698"]
[BlackElo "1745"]
[PlyCount "30"]
[EventDate "2008.11.21"]

1. c4 e6 2. Nc3 Nf6 3. d3 Bb4 4. a3 Bxc3+ 5. bxc3 O-O 6. g3 c5 7. Bg5 h6 8.
Bxf6 Qxf6 9. Bg2 Qxc3+ 10. Kf1 Nc6 11. f4 Nd4 12. Rb1 Rb8 13. Nh3 Nf5 14. Kf2
Qd4+ 15. Ke1 Ne3 0-1

[Event "III Weekend Hotel Corallo A"]
[Site "Imperia ITA"]
[Date "2008.11.23"]
[Round "5"]
[White "Pedemonte, Claudio"]
[Black "Bertazzoni, Giuseppe"]
[Result "1-0"]
[WhiteElo "1832"]
[BlackElo "1922"]
[PlyCount "105"]
[EventDate "2008.11.21"]

1. c4 c5 2. Nf3 Nc6 3. Nc3 Nf6 4. d4 cxd4 5. Nxd4 a6 6. e3 g6 7. b3 Bg7 8. Bb2
O-O 9. Be2 d6 10. O-O Bd7 11. Bf3 Qc7 12. Nxc6 Bxc6 13. Bxc6 bxc6 14. Qe2 Qa5
15. Rfd1 Rfd8 16. Rd2 h5 17. Rad1 Rac8 18. e4 Bh6 19. Rd3 Nd7 20. Na4 Bf4 21.
Bc3 Qc7 22. Bd2 Bxd2 23. R3xd2 c5 24. Nc3 Nf6 25. Nd5 Nxd5 26. exd5 Qd7 27. Rd3
Rc7 28. Re3 Qg4 29. Qd3 h4 30. h3 Qh5 31. Rde1 Rdd7 32. Qc3 Qg5 33. Re4 Qh6 34.
Qf3 Kg7 35. Qc3+ Kg8 36. R1e2 Ra7 37. Qa5 Kg7 38. Qb6 a5 39. Qb8 Qg5 40. Qb5
Qh6 41. Qa4 Qg5 42. Qa3 Qf6 43. Qc1 g5 44. f4 a4 45. fxg5 Qg6 46. Qc3+ Kg8 47.
Rxh4 Qg7 48. Qc2 axb3 49. axb3 Ra1+ 50. Kh2 Rf1 51. Qe4 Ra7 52. Rf4 Rxf4 53.
Qxf4 {...} 1-0

[Event "III Weekend Hotel Corallo A"]
[Site "Imperia ITA"]
[Date "2008.11.23"]
[Round "5"]
[White "Platino, Maurizio"]
[Black "Gioseffi, Massimiliano"]
[Result "0-1"]
[WhiteElo "1900"]
[BlackElo "2109"]
[PlyCount "96"]
[EventDate "2008.11.21"]

1. d4 d5 2. c4 c6 3. Nf3 e6 4. Nc3 Nf6 5. e3 Nbd7 6. Bd3 Bd6 7. O-O O-O 8. e4
dxe4 9. Nxe4 Nxe4 10. Bxe4 h6 11. h3 Qc7 12. Bc2 Nf6 13. Re1 c5 14. Be3 Rd8 15.
Qe2 b6 16. Red1 Bb7 17. Rac1 Rac8 18. b3 Re8 19. dxc5 Bxc5 20. Bxc5 Qxc5 21.
Ne5 Rcd8 22. Ng4 Qg5 23. Nxf6+ Qxf6 24. Be4 Bxe4 25. Qxe4 Qb2 26. Qb1 Rxd1+ 27.
Rxd1 Qxb1 28. Rxb1 Rd8 29. Rb2 Rd1+ 30. Kh2 g5 31. Rc2 Ra1 32. f3 Kg7 33. g4
Kf6 34. Kg3 Rg1+ 35. Kf2 Rd1 36. b4 Ke5 37. Ke2 Rd7 38. Ke3 Rc7 39. a3 f5 40.
c5 bxc5 41. gxf5 exf5 42. bxc5 Kd5 43. Rd2+ Kxc5 44. Rc2+ Kd6 45. Rxc7 Kxc7 46.
Kd4 Kd6 47. a4 a5 48. Kc4 h5 0-1

[Event "III Weekend Hotel Corallo A"]
[Site "Imperia ITA"]
[Date "2008.11.23"]
[Round "5"]
[White "Soukupova, Teresa"]
[Black "Formento, Paolo"]
[Result "1/2-1/2"]
[WhiteElo "1626"]
[BlackElo "1794"]
[PlyCount "72"]
[EventDate "2008.11.21"]

1. f4 d5 2. Nf3 c5 3. b3 Nf6 4. Bb2 g6 5. e3 Bg7 6. Bb5+ Bd7 7. Bxd7+ Nbxd7 8.
O-O O-O 9. Qe1 Re8 10. d3 Qc7 11. Ne5 Nh5 12. g4 Nxe5 13. Bxe5 Bxe5 14. fxe5
Qxe5 15. Nd2 Nf6 16. Nf3 Qd6 17. Qh4 Qe6 18. h3 Qxe3+ 19. Kh1 h5 20. g5 Qe6 21.
gxf6 exf6 22. Rae1 Qc6 23. Kh2 Kg7 24. Rg1 Rxe1 25. Rxe1 Qd6+ 26. Qg3 Qxg3+ 27.
Kxg3 Kf8 28. h4 Re8 29. Rxe8+ Kxe8 30. Kf4 Ke7 31. c3 Kd6 32. Nd2 b5 33. Nb1 b4
34. c4 d4 35. Nd2 f5 36. Nf3 f6 1/2-1/2

[Event "III Weekend Hotel Corallo A"]
[Site "Imperia ITA"]
[Date "2008.11.23"]
[Round "5"]
[White "Squara, Marco"]
[Black "Coqueraut, Jean Dominique"]
[Result "1-0"]
[WhiteElo "1610"]
[BlackElo "1892"]
[PlyCount "33"]
[EventDate "2008.11.21"]

1. e4 d6 2. d4 e5 3. Nf3 exd4 4. Nxd4 Nf6 5. Nc3 c6 6. Be2 Be7 7. O-O b5 8. a3
O-O 9. Be3 a6 10. Qd2 c5 11. Nf3 Nc6 12. Nd5 Nxe4 13. Nxe7+ Qxe7 14. Qd5 Nxf2
15. Bxf2 Qxe2 16. Qxc6 Qxc2 17. Qxa8 1-0

[Event "III Weekend Hotel Corallo A"]
[Site "Imperia ITA"]
[Date "2008.11.23"]
[Round "5"]
[White "Tagliano, Maurizio"]
[Black "Nastasi, Maurizio"]
[Result "1-0"]
[WhiteElo "1751"]
[BlackElo "1695"]
[PlyCount "39"]
[EventDate "2008.11.21"]

1. Nf3 Nf6 2. c4 g6 3. d4 Bg7 4. Nc3 d6 5. e4 O-O 6. Be2 e5 7. d5 a5 8. O-O Na6
9. Ne1 Ne8 10. f4 f5 11. fxe5 Bxe5 12. Nf3 Bg7 13. exf5 Bxf5 14. Nd4 Nc5 15.
Nxf5 gxf5 16. Be3 Ne4 17. Nxe4 fxe4 18. Qd2 Qh4 19. Rxf8+ Bxf8 20. Bg5 1-0

[Event "XVI Open Nicolo' La Rosa"]
[Site "Mazara del Vallo ITA"]
[Date "2008.08.11"]
[Round "1"]
[White "Amato, Andrea"]
[Black "Marino, Davide"]
[Result "1-0"]
[WhiteElo "2264"]
[BlackElo "1571"]
[PlyCount "75"]
[EventDate "2008.08.11"]

1. Nf3 d5 2. c4 Nf6 3. cxd5 Nxd5 4. e4 Nb6 5. d4 Bg4 6. Be2 e6 7. Nc3 Nc6 8.
Be3 Be7 9. O-O O-O 10. Nd2 Bxe2 11. Nxe2 Re8 12. Rc1 Bg5 13. f4 Bh6 14. Nf3 Ne7
15. Qb3 c6 16. Rfd1 Ng6 17. a4 Qc7 18. g3 Rad8 19. Rc3 Nc8 20. Qc2 Nd6 21. Ne5
Nxe5 22. dxe5 Nc8 23. Rcd3 Rxd3 24. Qxd3 Ne7 25. Qd7 Qc8 26. Bxa7 g6 27. Bc5
Bf8 28. b4 Qb8 29. a5 Kg7 30. Nd4 Qc8 31. Nc2 Ng8 32. Bxf8+ Rxf8 33. Qxc8 Rxc8
34. Rd7 Rb8 35. Ne3 b6 36. a6 Ra8 37. a7 Kh6 38. Rxf7 1-0

[Event "XVI Open Nicolo' La Rosa"]
[Site "Mazara del Vallo ITA"]
[Date "2008.08.11"]
[Round "1"]
[White "Bocci, Alessandro"]
[Black "Laudicina, Mariangela"]
[Result "1-0"]
[WhiteElo "1908"]
[BlackElo "1515"]
[PlyCount "48"]
[EventDate "2008.08.11"]

1. d4 d5 2. c4 Nf6 3. cxd5 Nxd5 4. e4 Nb6 5. Nc3 e6 6. Nf3 N8d7 7. Be3 c6 8.
Bd3 h6 9. O-O Be7 10. Rc1 O-O 11. Qe2 a5 12. Rfd1 a4 13. a3 Nf6 14. Bb1 Nh7 15.
Qd3 Nd7 16. e5 g6 17. Bxh6 Re8 18. Ne4 b6 19. Rxc6 Ba6 20. Qc2 Bb5 21. Nd6 Nb8
22. Nxf7 Nf8 23. Nxd8 Nxc6 24. Nxc6 Rac8 1-0

[Event "XVI Open Nicolo' La Rosa"]
[Site "Mazara del Vallo ITA"]
[Date "2008.08.11"]
[Round "1"]
[White "Bonanno, Giuseppe"]
[Black "Dragojlovic, Andjelko"]
[Result "0-1"]
[WhiteElo "1614"]
[BlackElo "2400"]
[PlyCount "62"]
[EventDate "2008.08.11"]

1. e4 c5 2. Nf3 g6 3. d4 cxd4 4. Nxd4 Bg7 5. c4 Nc6 6. Be3 Nf6 7. Nc3 Ng4 8.
Be2 Nxe3 9. fxe3 O-O 10. O-O d6 11. Rc1 a6 12. Qd2 Bh6 13. Nc2 Be6 14. Qe1 Rc8
15. Qh4 Bg7 16. Ne1 Qb6 17. Rc2 Qxe3+ 18. Kh1 Nd4 19. Nd1 Qh6 20. Qxh6 Bxh6 21.
b3 Nxc2 22. Nxc2 b5 23. Nd4 Bd7 24. cxb5 Bg7 25. Nf3 axb5 26. Ne3 Bc6 27. Bd3
h5 28. Nd5 Bxd5 29. exd5 b4 30. Re1 Bf6 31. Kg1 Rc3 0-1

[Event "XVI Open Nicolo' La Rosa"]
[Site "Mazara del Vallo ITA"]
[Date "2008.08.11"]
[Round "1"]
[White "Ferrante, Filippo"]
[Black "Palazzotto, Giuseppe"]
[Result "1-0"]
[WhiteElo "1490"]
[BlackElo "1873"]
[PlyCount "59"]
[EventDate "2008.08.11"]

1. Nf3 d5 2. d3 c5 3. g3 Nf6 4. Bg2 Nc6 5. O-O e5 6. Nbd2 Bd6 7. Re1 O-O 8. e4
d4 9. c3 Be6 10. a4 a6 11. Ng5 Bc8 12. Nc4 h6 13. Nxd6 Qxd6 14. Nf3 Rd8 15. c4
Be6 16. Nh4 Qd7 17. f4 Bg4 18. Nf3 Re8 19. f5 g6 20. Bxh6 gxf5 21. Qd2 Kh7 22.
Qg5 Nh5 23. exf5 Rg8 24. Qd2 Bxf3 25. Bxf3 Qxf5 26. Be4 Nxg3 27. Bxf5+ Nxf5+
28. Kh1 Nxh6 29. Rg1 Ng4 30. Raf1 1-0

[Event "XVI Open Nicolo' La Rosa"]
[Site "Mazara del Vallo ITA"]
[Date "2008.08.11"]
[Round "1"]
[White "Fiducioso, Marco"]
[Black "Oddo, Salvatore"]
[Result "1/2-1/2"]
[WhiteElo "2103"]
[BlackElo "1553"]
[PlyCount "62"]
[EventDate "2008.08.11"]

1. e4 e5 2. Nf3 Nc6 3. d4 exd4 4. Nxd4 d6 5. Nc3 Bd7 6. Bc4 Be7 7. O-O Nf6 8.
Bg5 O-O 9. Bf4 a6 10. a4 Ne5 11. Qe2 c5 12. Bxe5 dxe5 13. Nf3 Qc7 14. h3 Bc6
15. Rad1 Rad8 16. Rfe1 Rd7 17. b3 h6 18. Rxd7 Nxd7 19. Bd5 Bf6 20. Qc4 Nb6 21.
Qxc5 Be7 22. Qe3 Bb4 23. Rd1 Nxd5 24. Nxd5 Bxd5 25. Rxd5 Qxc2 26. Nxe5 Re8 27.
f3 Bc3 28. Ng4 Qxb3 29. Kh2 Qxd5 30. exd5 Rxe3 31. Nxe3 Kf8 1/2-1/2

[Event "XVI Open Nicolo' La Rosa"]
[Site "Mazara del Vallo ITA"]
[Date "2008.08.11"]
[Round "1"]
[White "Grimaldi, Sergio"]
[Black "Lanza, Giuseppe"]
[Result "1-0"]
[WhiteElo "1799"]
[BlackElo "1470"]
[PlyCount "63"]
[EventDate "2008.08.11"]

1. e4 d5 2. exd5 Nf6 3. Nf3 Nxd5 4. Bc4 Bg4 5. h3 Bh5 6. d3 e5 7. Bd2 Bd6 8.
Bxd5 c6 9. Bb3 Na6 10. a3 Qc7 11. Nc3 O-O-O 12. O-O Rhg8 13. Ne4 Nc5 14. Nxc5
Bxc5 15. Qe2 Bd6 16. a4 g5 17. g4 Bg6 18. Nxg5 h5 19. f3 h4 20. Ne4 Bf5 21. a5
a6 22. Be3 Qd7 23. Nf6 Qe7 24. Nxg8 Rxg8 25. Kh1 Be6 26. Bxe6+ Qxe6 27. Qf2 Qe7
28. c3 f5 29. b4 e4 30. Bc5 exd3 31. Bxd6 Qxd6 32. Rad1 1-0

[Event "XVI Open Nicolo' La Rosa"]
[Site "Mazara del Vallo ITA"]
[Date "2008.08.11"]
[Round "1"]
[White "Internicola, Vincenzo"]
[Black "Ferrante, Marco"]
[Result "0-1"]
[WhiteElo "1554"]
[BlackElo "2142"]
[PlyCount "104"]
[EventDate "2008.08.11"]

1. e4 e6 2. d4 d5 3. e5 c5 4. c3 Nc6 5. Nf3 f6 6. Bb5 Bd7 7. b3 cxd4 8. Bxc6
bxc6 9. cxd4 c5 10. Ba3 Qa5+ 11. Qd2 Qxd2+ 12. Nbxd2 cxd4 13. Bxf8 Kxf8 14.
Nxd4 fxe5 15. N4f3 e4 16. Nd4 e5 17. Ne2 Nf6 18. O-O Bb5 19. Rfe1 Rc8 20. Rac1
Ke7 21. Ng3 g6 22. a4 Bd3 23. h3 Kd7 24. b4 Rb8 25. b5 Rhc8 26. Nb3 Bc2 27. Na5
Bxa4 28. Nc6 Ra8 29. Nxe5+ Kd6 30. Ng4 Nxg4 31. hxg4 Rxc1 32. Rxc1 Bxb5 33. Rd1
Ke5 34. Rb1 Bd3 35. Rb7 a5 36. Nf1 Bxf1 37. Kxf1 a4 38. Ke2 a3 39. Rb1 a2 40.
Ra1 Ra3 41. Kd2 Kf4 42. g5 Kxg5 43. Kc2 e3 44. Kb2 Rd3 45. fxe3 Rxe3 46. Kxa2
h5 47. Rd1 h4 48. Rxd5+ Kg4 49. Kb1 Re2 50. Rd4+ Kg3 51. Rd6 g5 52. Rd5 g4 0-1

[Event "XVI Open Nicolo' La Rosa"]
[Site "Mazara del Vallo ITA"]
[Date "2008.08.11"]
[Round "1"]
[White "Kizov, Atanas"]
[Black "Architetto, Sandro"]
[Result "1-0"]
[WhiteElo "2426"]
[BlackElo "1620"]
[PlyCount "37"]
[EventDate "2008.08.11"]

1. d4 d5 2. c4 c6 3. cxd5 cxd5 4. Bf4 Bf5 5. Nc3 Nf6 6. e3 a6 7. Nf3 Nc6 8. Rc1
e6 9. Be2 Be7 10. O-O O-O 11. Na4 Nh5 12. Be5 Nxe5 13. dxe5 f6 14. Nd4 fxe5 15.
Nxf5 Rxf5 16. Bxh5 Qf8 17. Nb6 Rd8 18. Rc7 Rd6 19. Nd7 1-0

[Event "XVI Open Nicolo' La Rosa"]
[Site "Mazara del Vallo ITA"]
[Date "2008.08.11"]
[Round "1"]
[White "Mancuso, Fabrizio"]
[Black "Melia, Lorenzo"]
[Result "0-1"]
[WhiteElo "1362"]
[BlackElo "1649"]
[PlyCount "54"]
[EventDate "2008.08.11"]

1. e4 e6 2. d3 d5 3. Nd2 c5 4. g3 Nf6 5. Bg2 g6 6. Ngf3 Bg7 7. O-O O-O 8. Re1
Nc6 9. Nf1 Qb6 10. b3 Ng4 11. Rb1 c4 12. Be3 Nxe3 13. Nxe3 cxd3 14. Qxd3 Nb4
15. Qd2 dxe4 16. Ng5 Nxa2 17. Bxe4 Bc3 18. Nc4 Bxd2 19. Nxb6 axb6 20. Re2 Bxg5
21. f4 Nc3 22. fxg5 Nxe2+ 23. Kf2 Nc3 24. Re1 Nxe4+ 25. Rxe4 Ra2 26. Rc4 Bd7
27. Rc7 Bc6 0-1

[Event "XVI Open Nicolo' La Rosa"]
[Site "Mazara del Vallo ITA"]
[Date "2008.08.11"]
[Round "1"]
[White "Meo, Antonino"]
[Black "Palazzotto, Roberto"]
[Result "0-1"]
[WhiteElo "1431"]
[BlackElo "1740"]
[PlyCount "87"]
[EventDate "2008.08.11"]

1. e4 c5 2. Nf3 Nc6 3. Nc3 d6 4. h3 g6 5. Bc4 Bg7 6. O-O e6 7. Re1 Nge7 8. Bb3
O-O 9. d3 Rb8 10. a4 Qb6 11. Bc4 Na5 12. e5 Nxc4 13. dxc4 Rd8 14. Bg5 dxe5 15.
a5 Rxd1 16. axb6 Rxe1+ 17. Rxe1 Nc6 18. bxa7 Nxa7 19. Nxe5 f6 20. Ng4 fxg5 21.
Rd1 Bxc3 22. bxc3 Nc6 23. Nf6+ Kg7 24. Nd7 Bxd7 25. Rxd7+ Kg8 26. Rc7 Na7 27.
Rxc5 Rc8 28. Rxg5 Rxc4 29. Ra5 Nc8 30. Ra8 Rxc3 31. f4 Rxc2 32. g4 Kg7 33. Rb8
Rc7 34. Kg2 Nd6 35. Kg3 Rc8 36. Rxc8 Nxc8 37. Kh4 b5 38. Kg5 b4 39. h4 b3 40.
h5 gxh5 41. gxh5 b2 42. h6+ Kf7 43. f5 b1=Q 44. fxe6+ 0-1

[Event "XVI Open Nicolo' La Rosa"]
[Site "Mazara del Vallo ITA"]
[Date "2008.08.11"]
[Round "1"]
[White "Monaco, Alessandro"]
[Black "Salafia, Andrea"]
[Result "0-1"]
[WhiteElo "1527"]
[BlackElo "1959"]
[PlyCount "44"]
[EventDate "2008.08.11"]

1. e4 g6 2. d4 d6 3. Nc3 Bg7 4. Bc4 Nc6 5. Be3 Nf6 6. f3 a6 7. a4 e5 8. Nge2
O-O 9. O-O Nh5 10. Nd5 Be6 11. c3 Na5 12. Ba2 c6 13. Nb4 Bxa2 14. Rxa2 Nc4 15.
Bf2 a5 16. Nd3 Bh6 17. b3 Ne3 18. Qd2 Ng4 19. f4 f5 20. h3 Nxf2 21. Nxf2 Nxf4
22. dxe5 Nxh3+ 0-1

[Event "XVI Open Nicolo' La Rosa"]
[Site "Mazara del Vallo ITA"]
[Date "2008.08.11"]
[Round "1"]
[White "Morello, Guido"]
[Black "Castelli, Giovanni J."]
[Result "1-0"]
[WhiteElo "1978"]
[BlackElo "1530"]
[PlyCount "48"]
[EventDate "2008.08.11"]

1. e4 e5 2. d4 exd4 3. c3 d5 4. exd5 Qxd5 5. Nf3 Bg4 6. Be2 Nc6 7. cxd4 Bb4+ 8.
Nc3 O-O-O 9. O-O Bxc3 10. bxc3 Nf6 11. Qc2 Qh5 12. Qb3 Rhe8 13. Be3 Nd5 14. c4
Nxe3 15. fxe3 Qh6 16. Kf2 Rd6 17. Rfe1 Rde6 18. Bd1 Rf6 19. Rb1 b6 20. Kg1 Rfe6
21. Kf2 Rf6 22. Qb5 Bd7 23. Qa6+ Kb8 24. c5 Nb4 1-0

[Event "XVI Open Nicolo' La Rosa"]
[Site "Mazara del Vallo ITA"]
[Date "2008.08.11"]
[Round "1"]
[White "Novara, Salvatore"]
[Black "Messina, Damiano"]
[Result "0-1"]
[WhiteElo "1549"]
[BlackElo "2029"]
[PlyCount "74"]
[EventDate "2008.08.11"]

1. e4 c5 2. d4 cxd4 3. Qxd4 Nc6 4. Qc4 e6 5. Nc3 a6 6. a4 Nf6 7. Bd3 b6 8. Nf3
Bb7 9. Bg5 Be7 10. Bf4 Rc8 11. Rd1 O-O 12. O-O Nb4 13. Qd4 Bc5 14. Qe5 h6 15.
Bxh6 gxh6 16. Qg3+ Kh8 17. Qh3 Ng8 18. Qh5 Nxd3 19. Rxd3 f5 20. Ne5 Qe8 21.
Ng6+ Kg7 22. Rg3 f4 23. Nxf4+ Kh7 24. Qg4 Qf7 25. Rd1 Bxf2+ 26. Kxf2 Qxf4+ 27.
Qxf4 Rxf4+ 28. Ke3 Rf7 29. e5 Ne7 30. Rf3 Bxf3 31. gxf3 Ng6 32. Rd6 Nxe5 33. f4
Nc4+ 34. Kd3 Nxd6 35. Ke3 Nc4+ 36. Ke4 Nxb2 37. Ke5 Rxc3 0-1

[Event "XVI Open Nicolo' La Rosa"]
[Site "Mazara del Vallo ITA"]
[Date "2008.08.11"]
[Round "1"]
[White "Savalla, Pietro"]
[Black "Melograni, Francesco"]
[Result "0-1"]
[WhiteElo "1440"]
[BlackElo "1787"]
[PlyCount "72"]
[EventDate "2008.08.11"]

1. e4 e5 2. Nf3 Nc6 3. Bc4 Bc5 4. d4 Bxd4 5. Nxd4 Nxd4 6. Nc3 d6 7. O-O Be6 8.
Qd3 Bxc4 9. Qxc4 Ne6 10. Qb5+ c6 11. Qxb7 Ne7 12. Be3 Qc8 13. Qxc8+ Nxc8 14.
Rfd1 O-O 15. Rd2 Rb8 16. b3 f5 17. f3 Rb7 18. Rad1 fxe4 19. fxe4 Rd7 20. a4
Rfd8 21. b4 Nb6 22. Bxb6 axb6 23. a5 bxa5 24. bxa5 Nc5 25. Kf2 Kf7 26. Kf3 Ke6
27. Kg4 Ra8 28. Ra1 Nb7 29. a6 Nc5 30. a7 Rdxa7 31. Rxa7 Rxa7 32. h4 Ra3 33.
Nb1 Re3 34. Kg5 Nxe4+ 35. Kg4 Rg3+ 36. Kh5 Nf6# 0-1

[Event "XVI Open Nicolo' La Rosa"]
[Site "Mazara del Vallo ITA"]
[Date "2008.08.11"]
[Round "2"]
[White "Castelli, Giovanni J."]
[Black "Meo, Antonino"]
[Result "1-0"]
[WhiteElo "1530"]
[BlackElo "1431"]
[PlyCount "71"]
[EventDate "2008.08.11"]

1. e4 e5 2. Nf3 Nc6 3. d4 exd4 4. Bc4 Bc5 5. c3 Nf6 6. cxd4 Bb4+ 7. Nc3 Bxc3+
8. bxc3 Nxe4 9. O-O d5 10. Re1 O-O 11. Qc2 Bf5 12. Bd3 Re8 13. Bf4 h6 14. Rab1
b6 15. Bb5 Qf6 16. Bxc7 Nd6 17. Bd3 Bxd3 18. Qxd3 Re7 19. Rxe7 Qxe7 20. Bxd6
Qxd6 21. Re1 f6 22. Nh4 Rf8 23. Qg6 Ne7 24. Qg4 f5 25. Qe2 Rf7 26. Nf3 Ng6 27.
Qe8+ Rf8 28. Qe6+ Qxe6 29. Rxe6 Nf4 30. Re5 g5 31. g3 g4 32. Nh4 Nh3+ 33. Kg2
Rc8 34. Nxf5 Rxc3 35. Nxh6+ Kg7 36. Nxg4 1-0

[Event "XVI Open Nicolo' La Rosa"]
[Site "Mazara del Vallo ITA"]
[Date "2008.08.11"]
[Round "2"]
[White "Dragojlovic, Andjelko"]
[Black "Bocci, Alessandro"]
[Result "1-0"]
[WhiteElo "2400"]
[BlackElo "1908"]
[PlyCount "75"]
[EventDate "2008.08.11"]

1. e4 c5 2. Nf3 Nc6 3. Nc3 e6 4. d4 cxd4 5. Nxd4 Qc7 6. g3 a6 7. Bg2 Nf6 8. O-O
Bc5 9. Nb3 Ba7 10. Qe2 Nd4 11. Nxd4 Bxd4 12. Qd3 Ba7 13. Bf4 e5 14. Bg5 Qc6 15.
Qf3 O-O 16. Rad1 b5 17. Bxf6 Qxf6 18. Qxf6 gxf6 19. Rd6 Bd4 20. Rxf6 Bxc3 21.
bxc3 Bb7 22. Rd1 Bc6 23. f3 Rac8 24. Bh3 Rfd8 25. Rfd6 Rc7 26. R1d3 Kf8 27. Bf5
Kg7 28. Kf2 f6 29. f4 a5 30. a3 a4 31. fxe5 fxe5 32. g4 Rf8 33. Ke1 Rf7 34. Kd2
Rb7 35. Rh3 Kf8 36. Rdh6 Ke7 37. Rxh7 Rb8 38. g5 1-0

[Event "XVI Open Nicolo' La Rosa"]
[Site "Mazara del Vallo ITA"]
[Date "2008.08.11"]
[Round "2"]
[White "Ferrante, Marco"]
[Black "Grimaldi, Sergio"]
[Result "1-0"]
[WhiteElo "2142"]
[BlackElo "1799"]
[PlyCount "49"]
[EventDate "2008.08.11"]

1. e4 e6 2. d4 d5 3. exd5 exd5 4. Bd3 Bd6 5. Ne2 Nf6 6. c3 c6 7. Bg5 O-O 8. Qc2
h6 9. Bh4 Nbd7 10. Nd2 Re8 11. f3 Qc7 12. O-O-O a5 13. g4 g5 14. Bf2 Nf8 15. h4
N6h7 16. hxg5 Nxg5 17. Kb1 Kg7 18. Rh5 Re6 19. Rdh1 b6 20. Nf1 Ba6 21. Bxa6
Rxa6 22. Neg3 Nxf3 23. Nf5+ Kg8 24. Nxh6+ Kg7 25. Nf5+ 1-0